| 000 | 00646nam a2200229 i 4500 | ||
|---|---|---|---|
| 001 | bg | ||
| 100 | 1 |
_aGalus, Zbigniew _d(1934- ). |
|
| 245 | 0 |
_aTeoretyczne podstawy elektroanalizy chemicznej / _cZbigniew Galus. |
|
| 250 | _aWyd. 2 zm. | ||
| 260 |
_aWarszawa : _bPaństw. Wydawn. Nauk., _c1977. |
||
| 300 |
_as. 450, nlb. 2 : _brys., tab. |
||
| 490 | 1 |
_aBiblioteka Chemii ; _vT. 1 |
|
| 504 | _a[Zawiera bibliogr.]. | ||
| 650 | 9 | _aElektrochemia | |
| 655 | _aPodręczniki akademickie | ||
| 830 | _aBiblioteka Chemii ; | ||
| 040 | _cBPK | ||
| 041 | _apol | ||
| 080 | _a544.6 | ||
| 942 | _cKS | ||
| 008 | s pl f |000 0 pol | ||
| 999 |
_c17178 _d17178 |
||
| 856 |
_uhttp://koha.tu.koszalin.pl/cgi-bin/koha/opac-detail.pl?biblionumber=17178 _yKatalog online BPK |
||